As Maiores Cidades de Minas Gerais - Statistics

Estatísticas Gerais
  • Esse quiz foi jogado 154 vezes
  • A pontuação média é 19 de 34
Estatísticas das Respostas
População Cidade % Correto
2.315.560 Belo Horizonte
99%
713.232 Uberlândia
94%
337.846 Uberaba
93%
540.756 Juiz de Fora
91%
411.859 Betim
85%
621.865 Contagem
84%
257.172 Governador Valadares
81%
414.240 Montes Claros
72%
227.731 Ipatinga
65%
159.235 Patos de Minas
64%
227.360 Sete Lagoas
64%
231.091 Divinópolis
61%
163.742 Poços de Caldas
60%
136.467 Varginha
60%
137.418 Teófilo Otoni
57%
111.691 Araxá
55%
329.794 Ribeirão das Neves
54%
125.317 Barbacena
51%
152.212 Pouso Alegre
48%
218.805 Santa Luzia
48%
111.697 Nova Lima
47%
129.372 Sabará
46%
131.621 Conselheiro Lafaiete
44%
113.343 Itabira
44%
170.387 Ibirité
43%
129.246 Vespasiano
43%
111.939 Passos
41%
104.761 Lavras
40%
104.108 Muriaé
40%
103.365 Ubá
40%
117.808 Araguari
37%
104.736 Coronel Fabriciano
33%
102.217 Ituiutaba
27%
105.552 Nova Serrana
26%
Nenhum quiz correspondente encontrado
Distribuição das Pontuações
Porcentagem de Pessoas com Cada Pontuação
Percentil de Números Respondidos
Sua Pontuação Histórica
Você não jogou esse quiz